zpět

Detail výsledku týmu

Hloupý Honza, Praha

Datum a čas kvízu

29 Celkem bodů Celkový počet nahraných bodů na tomto kvízu bez doplňovacích otázek.
9. Pořadí na kvízu Konečné umístění týmu na tomto kvízu.

Zaznamenané odpovědi

# Otázka Odpověď Body Výsledky
1. Podnikatel tuniského původu Fe... 1
2. Na jednu z částí souostroví Ga... 1
3. Česká televize minulé pondělí... 1
4. V průzkumu britského magazínu... 0
5. Brankář třetiligového Burtonu... 0
6. Mezinárodní vesmírná stanice (... 1
7. V předchozí otázce bylo řečeno... 1
8. Standardní denní program posád... 1
9. Jak se jmenuje ruská kosmická... 1
10. První espresso kávovar, určený... 0